00330nam a2200133Ia 4500008004100000020001800041082000800059100002600067245001200093260004200105300001700147942001700164999001500181250803s9999 xx 000 0 und d a9789991572314 aWAH aBinmaa Ibrahim Waheed 0aBalqish aMale MaldivesbNovelty Printersc2019 a260p.; 18cm. iWAHcAD6WAH c4307d4307